00890pam a2200265 a 45000010008000000030004000080050017000120080041000290100017000700200015000870400018001020430012001200500022001320820023001541000018001772450092001952600044002873000036003314400049003675040064004166510039004806510034005196510038005537000033005912997676OSt20191224145256.0930827s1994 dcua b i001 0 eng  a 93033147  a0195645510 aDLCcDLCdDLC aa-ii---00aHC435.2b.J7 199400a338.954220bJOS/I aJoshi, Vijay 10aIndia :bmacroeconomics and political economy, 1964-1991 /cVijay Joshi, I.M.D. Little. aWashington, D.C. :bWorld Bank,cc1994. axviii, 397 p. :bill. ;c24 cm. 0aWorld Bank comparative macroeconomic studies aIncludes bibliographical references (p. 379-390) and index. 0aIndiaxEconomic policyy1961-1966. 0aIndiaxEconomic policyy1966- 0aIndiaxEconomic conditionsy1947-1 aLittle, I. M. D.,d1918-2012